[Event "Hajduszoboszlo op 2nd"]
[Site "Hajduszoboszlo"]
[Date "2024.02.08"]
[Round "1"]
[White "Mester, Gyula"]
[Black "Kovacs, Balazs Zoltan"]
[Result "1-0"]
[WhiteElo "2310"]
[BlackElo "1626"]
[PlyCount "71"]
[EventDate "2024.02.08"]
[EventType "swiss"]
[EventRounds "7"]
[EventCountry "HUN"]
[SourceTitle "CB08_2024"]
[SourceDate "2024.02.21"]
[SourceVersion "1"]
[SourceVersionDate "2024.02.21"]
[SourceQuality "1"]

1. d4 Nf6 2. c4 g6 3. Nc3 d5 4. cxd5 Nxd5 5. e4 Nxc3 6. bxc3 Bg7 7. Bb5+ c6 8. Ba4 0-0 9. Ne2 c5 10. 0-0 Qa5 11. Bg5 b5 12. Bb3 Qc7 13. Bf4 Qb6 14. Bd5 Nc6 15. a4 e6 16. dxc5 Qxc5 17. Be3 Qd6 18. axb5 exd5 19. bxc6 Qxc6 20. exd5 Qc4 21. Ra4 Qb5 22. c4 Qd7 23. Bd4 Bxd4 24. Nxd4 a5 25. Qa1 Qg4 26. Nc6 Re8 27. h3 Qg5 28. f4 Qg3 29. Ra3 Re3 30. Rxe3 Qxe3+ 31. Kh1 Bf5 32. Re1 Qxe1+ 33. Qxe1 a4 34. Ne7+ Kf8 35. Nxf5 gxf5 36. Qb4+ 1-0

[Event "Szolnok Agora op 2nd"]
[Site "Szolnok"]
[Date "2023.06.30"]
[Round "4"]
[White "Mester, Gyula"]
[Black "Jurakic, Lukas"]
[Result "1-0"]
[WhiteElo "2327"]
[BlackElo "2188"]
[PlyCount "89"]
[EventDate "2023.06.29"]
[EventType "swiss"]
[EventRounds "7"]
[EventCountry "HUN"]
[SourceTitle "EXT 2024"]
[Source "ChessBase"]
[SourceDate "2023.10.10"]
[SourceVersion "1"]
[SourceVersionDate "2023.10.10"]
[SourceQuality "1"]

1. d4 f5 2. Qd3 e6 3. g4 fxg4 4. h3 g3 5. fxg3 Nf6 6. Bg2 d5 7. Nc3 c5 8. Bf4 a6 9. e3 Nc6 10. Nge2 c4 11. Qd2 b5 12. 0-0 b4 13. Na4 Be7 14. g4 0-0 15. Ng3 c3 16. Qd1 a5 17. bxc3 Ba6 18. Rf2 bxc3 19. g5 Ne8 20. h4 Bd6 21. Nxc3 Bxf4 22. exf4 Qd6 23. Qd2 Rb8 24. a3 Rb7 25. Qe3 Rbf7 26. Nce2 Ne7 27. Bh3 Nc7 28. h5 a4 29. Rb1 Nf5 30. Nxf5 exf5 31. Ng3 g6 32. hxg6 hxg6 33. Rb4 Qc6 34. Bf1 Re8 35. Qd2 Rfe7 36. Bxa6 Nxa6 37. Rb1 Re3 38. Nf1 R3e4 39. Qa5 R4e6 40. Rb5 Qd6 41. Rxd5 Qxa3 42. Re5 Nb4 43. Rxe6 Rxe6 44. Qd8+ Kf7 45. Rh2 1-0

[Event "Szolnok Agora op 2nd"]
[Site "Szolnok"]
[Date "2023.06.29"]
[Round "2"]
[White "Mester, Gyula"]
[Black "Hideg, Ferenc Bendeguz"]
[Result "1-0"]
[WhiteElo "2327"]
[BlackElo "1799"]
[PlyCount "59"]
[EventDate "2023.06.29"]
[EventType "swiss"]
[EventRounds "7"]
[EventCountry "HUN"]
[SourceTitle "EXT 2024"]
[Source "ChessBase"]
[SourceDate "2023.10.10"]
[SourceVersion "1"]
[SourceVersionDate "2023.10.10"]
[SourceQuality "1"]

1. e4 e5 2. Nf3 Nc6 3. d4 exd4 4. Nxd4 Bc5 5. Be3 Qf6 6. Nb5 Bxe3 7. fxe3 Kd8 8. N1c3 Nge7 9. Qd2 d6 10. 0-0-0 Bg4 11. Re1 Ne5 12. h3 Be6 13. Nxc7 Kxc7 14. Nb5+ Kd8 15. Qxd6+ Bd7 16. Qc7+ Ke8 17. Rd1 Bc6 18. Qa5 Bxb5 19. Bxb5+ N7c6 20. Rd5 Kf8 21. Qc3 Re8 22. Rf1 Qe7 23. g4 h6 24. Rf5 f6 25. Qd2 Kg8 26. c3 Kh7 27. h4 Nxg4 28. Rd7 Qxe4 29. Bd3 Qh1+ 30. Rf1+ 1-0

[Event "Szolnok op"]
[Site "Szolnok"]
[Date "2022.06.19"]
[Round "7"]
[White "Szaloki, Arpad"]
[Black "Mester, Gyula"]
[Result "0-1"]
[WhiteElo "1906"]
[BlackElo "2309"]
[PlyCount "88"]
[EventDate "2022.06.16"]
[EventType "swiss"]
[EventRounds "7"]
[EventCountry "HUN"]
[SourceTitle "CBM 209 Extra"]
[Source "ChessBase"]
[SourceDate "2022.09.30"]
[SourceVersion "1"]
[SourceVersionDate "2022.09.30"]
[SourceQuality "1"]

1. Nf3 Nc6 2. d4 d5 3. Bf4 Nf6 4. e3 Nh5 5. Bg3 Nxg3 6. hxg3 g6 7. c3 Bg7 8. Nbd2 0-0 9. Be2 e5 10. dxe5 Nxe5 11. Nxe5 Bxe5 12. 0-0 Bg7 13. Nf3 c6 14. Qb3 Qe7 15. Rfd1 h5 16. a3 a5 17. Qc2 Bf5 18. Qd2 Rad8 19. Rac1 a4 20. Nh4 Bc8 21. Qc2 b5 22. Nf3 Rfe8 23. Qd2 Qb7 24. b4 axb3 25. Qb2 Bg4 26. Nd4 Bxe2 27. Nxe2 Ra8 28. Qxb3 Bf8 29. Ra1 Ra4 30. Rd4 Rea8 31. Rxa4 Rxa4 32. Nd4 Qa6 33. Nc2 Rc4 34. Nb4 Qa5 35. Qb2 Bg7 36. Rc1 Qd8 37. Qd2 h4 38. gxh4 Qxh4 39. g3 Qf6 40. Na2 Qd6 41. Qb2 Be5 42. Rc2 Bxg3 43. fxg3 Qxg3+ 44. Kf1 Rh4 0-1

[Event "Szolnok op"]
[Site "Szolnok"]
[Date "2022.06.18"]
[Round "6"]
[White "Mester, Gyula"]
[Black "La Barbera, Manfredi"]
[Result "1/2-1/2"]
[WhiteElo "2309"]
[BlackElo "1858"]
[PlyCount "33"]
[EventDate "2022.06.16"]
[EventType "swiss"]
[EventRounds "7"]
[EventCountry "HUN"]
[SourceTitle "CBM 209 Extra"]
[Source "ChessBase"]
[SourceDate "2022.09.30"]
[SourceVersion "1"]
[SourceVersionDate "2022.09.30"]
[SourceQuality "1"]

1. d4 e6 2. c4 Nf6 3. Nc3 Bb4 4. f3 0-0 5. a3 Bxc3+ 6. bxc3 c5 7. e4 Nc6 8. d5 Ne5 9. Nh3 d6 10. Nf2 b5 11. cxb5 exd5 12. exd5 Bb7 13. Qc2 Nxd5 14. c4 Nc7 15. Bb2 Qg5 16. Qd2 Qh4 17. f4 1/2-1/2

[Event "Szolnok op"]
[Site "Szolnok"]
[Date "2022.06.17"]
[Round "4"]
[White "Mester, Gyula"]
[Black "Nomin Erdene, Davaademberel"]
[Result "1/2-1/2"]
[WhiteElo "2309"]
[BlackElo "2394"]
[PlyCount "21"]
[EventDate "2022.06.16"]
[EventType "swiss"]
[EventRounds "7"]
[EventCountry "HUN"]
[SourceTitle "CBM 209 Extra"]
[Source "ChessBase"]
[SourceDate "2022.09.30"]
[SourceVersion "1"]
[SourceVersionDate "2022.09.30"]
[SourceQuality "1"]

1. d4 d5 2. c4 c6 3. Nf3 Nf6 4. Nc3 dxc4 5. a4 Bf5 6. Nh4 e6 7. Nxf5 exf5 8. e3 Bb4 9. Bxc4 0-0 10. 0-0 Nbd7 11. Qc2 1/2-1/2

[Event "HUN-ch Rapid"]
[Site "Ajka"]
[Date "2021.07.17"]
[Round "6"]
[White "Terbe, Zsuzsanna"]
[Black "Mester, Gyula"]
[Result "0-1"]
[WhiteElo "2185"]
[BlackElo "2333"]
[PlyCount "78"]
[EventDate "2021.07.16"]
[EventType "swiss (rapid)"]
[EventRounds "13"]
[EventCountry "HUN"]
[SourceTitle "CBM 203 Extra"]
[Source "ChessBase"]
[SourceDate "2021.09.30"]
[SourceVersion "1"]
[SourceVersionDate "2021.09.30"]
[SourceQuality "1"]

1. d4 d5 2. c4 c6 3. Nf3 Nf6 4. e3 g6 5. Nc3 Bg7 6. Be2 0-0 7. 0-0 Nbd7 8. b3 dxc4 9. bxc4 c5 10. Bb2 cxd4 11. exd4 b6 12. Qd2 Bb7 13. Rfd1 Rc8 14. Qf4 Ne8 15. Ba3 Nc7 16. Rac1 h6 17. Qe3 Ne6 18. Nd5 Bxd5 19. cxd5 Nc7 20. Bxe7 Nxd5 21. Bxd8 Nxe3 22. Rxc8 Nxd1 23. Bxd1 Bf6 24. Ba4 b5 25. Bxb5 Nb6 26. Bxb6 Rxc8 27. Bxa7 Rc1+ 28. Bf1 Ra1 29. g3 Rxa2 30. Kg2 Rxa7 31. d5 Kf8 32. Nd2 Ra2 33. Ne4 Bd4 34. Bc4 Rc2 35. Bd3 Rb2 36. g4 f5 37. gxf5 gxf5 38. Nd6 Rxf2+ 39. Kg3 Rd2 0-1

[Event "HUN-ch Rapid"]
[Site "Ajka"]
[Date "2021.07.16"]
[Round "1"]
[White "Mester, Gyula"]
[Black "Paksa, Rudolf"]
[Result "1-0"]
[WhiteElo "2333"]
[BlackElo "2030"]
[PlyCount "83"]
[EventDate "2021.07.16"]
[EventType "swiss (rapid)"]
[EventRounds "13"]
[EventCountry "HUN"]
[SourceTitle "CBM 203 Extra"]
[Source "ChessBase"]
[SourceDate "2021.09.30"]
[SourceVersion "1"]
[SourceVersionDate "2021.09.30"]
[SourceQuality "1"]

1. d4 Nf6 2. c4 e5 3. dxe5 Ng4 4. e4 Nxe5 5. a3 a5 6. f4 Nec6 7. Be3 d6 8. Nc3 Be7 9. Nf3 Bg4 10. Be2 0-0 11. 0-0 Nd7 12. h3 Bxf3 13. Bxf3 Nf6 14. Qc2 Re8 15. Rad1 h6 16. e5 Nh7 17. Be4 Nf8 18. c5 Qb8 19. exd6 cxd6 20. Nd5 dxc5 21. Nxe7+ Nxe7 22. f5 f6 23. Bxc5 Nc6 24. Qb3+ Kh8 25. Bb1 Qe5 26. Bb6 Nh7 27. Rd7 Re7 28. Rxe7 Qxe7 29. Rd1 Re8 30. Ba2 Ng5 31. h4 Nh7 32. Bf2 Ne5 33. Qb5 Nf8 34. Qxa5 Nfd7 35. Qd5 b6 36. b4 Kh7 37. Rc1 g6 38. Rc7 g5 39. Qe6 Qd8 40. Qd6 Kg7 41. Be6 Re7 42. Bxb6 1-0

[Event "HUN-ch rapid"]
[Site "Ajka"]
[Date "2020.07.19"]
[Round "11"]
[White "Nagy, Gabor"]
[Black "Mester, Gyula"]
[Result "0-1"]
[WhiteElo "2502"]
[BlackElo "2341"]
[PlyCount "100"]
[EventDate "2020.07.17"]
[EventType "swiss (rapid)"]
[EventRounds "13"]
[EventCountry "HUN"]
[SourceTitle "CBM 197 Extra"]
[Source "ChessBase"]
[SourceDate "2020.09.30"]
[SourceVersion "1"]
[SourceVersionDate "2020.09.30"]
[SourceQuality "1"]

1. d4 d5 2. c4 c6 3. Nf3 Nf6 4. Nc3 g6 5. e3 Bg7 6. Be2 0-0 7. 0-0 Nbd7 8. Qb3 Nb6 9. cxd5 Nfxd5 10. e4 Nxc3 11. bxc3 Be6 12. Qc2 Bc4 13. Rd1 Qc7 14. Ba3 Rfd8 15. e5 Bxe2 16. Qxe2 Nd5 17. Rac1 Qa5 18. Qb2 b5 19. Bc5 Bf8 20. g3 Rab8 21. a3 e6 22. Bxf8 Rxf8 23. Ng5 Qd8 24. Ne4 f5 25. exf6 Nxf6 26. Nc5 Qd5 27. Qe2 Rbe8 28. Nd3 Ne4 29. f4 Nxc3 30. Rxc3 Qxd4+ 31. Kg2 Qxc3 32. Ne5 Rd8 33. Rxd8 Rxd8 34. Kh3 Rd2 35. Qg4 Qb3 36. Qg5 Qc2 37. Nf3 Rd5 38. Qe7 Qf5+ 39. Kg2 Qf7 40. Qb4 Qd7 41. h4 c5 42. Qe4 c4 43. g4 c3 44. Kg3 Rd3 45. Qa8+ Kg7 46. h5 gxh5 47. gxh5 c2 48. h6+ Kxh6 49. Kh4 Qe7+ 50. Ng5 c1Q 0-1

[Event "HUN-ch rapid"]
[Site "Ajka"]
[Date "2020.07.18"]
[Round "9"]
[White "Miszler, Levente"]
[Black "Mester, Gyula"]
[Result "0-1"]
[WhiteElo "2268"]
[BlackElo "2341"]
[PlyCount "80"]
[EventDate "2020.07.17"]
[EventType "swiss (rapid)"]
[EventRounds "13"]
[EventCountry "HUN"]
[SourceTitle "CBM 197 Extra"]
[Source "ChessBase"]
[SourceDate "2020.09.30"]
[SourceVersion "1"]
[SourceVersionDate "2020.09.30"]
[SourceQuality "1"]

1. Nf3 g6 2. c4 Bg7 3. g3 b6 4. Bg2 Bb7 5. 0-0 f5 6. Nc3 Nf6 7. d4 0-0 8. b3 a5 9. Bb2 e6 10. Qc2 Ne4 11. a3 Nxc3 12. Bxc3 d6 13. b4 Nd7 14. Qb2 Be4 15. Rfd1 Qe7 16. Qd2 a4 17. Rac1 Nf6 18. Qa2 d5 19. Ne5 Bxg2 20. Kxg2 dxc4 21. Qxc4 Nd5 22. Nc6 Qg5 23. Bd2 Qh5 24. f4 g5 25. e3 Rf6 26. Rh1 Rh6 27. h4 gxf4 28. exf4 Rg6 29. Qd3 Kh8 30. Qf3 Rg4 31. Rce1 Re8 32. b5 Bf6 33. Kf2 Qf7 34. Ne5 Bxe5 35. Rxe5 Reg8 36. Rg1 Nf6 37. Bc3 Nd5 38. Bd2 Qg6 39. Bc1 Rxh4 40. Qe2 Rh2+ 0-1

[Event "Budapest FS07 IM"]
[Site "Budapest"]
[Date "2019.07.10"]
[Round "5"]
[White "Vegh, Endre"]
[Black "Mester, Gyula"]
[Result "1-0"]
[WhiteElo "2220"]
[BlackElo "2368"]
[PlyCount "97"]
[EventDate "2019.07.06"]
[EventType "tourn"]
[EventRounds "9"]
[EventCountry "HUN"]
[EventCategory "2"]
[SourceTitle "EXT 2020"]
[Source "ChessBase"]
[SourceDate "2019.10.17"]
[SourceVersion "1"]
[SourceVersionDate "2019.10.17"]
[SourceQuality "1"]

1. d4 Nf6 2. c4 e6 3. Nc3 Bb4 4. Qc2 c5 5. dxc5 0-0 6. Nf3 Nc6 7. Bg5 h6 8. Bh4 Qa5 9. Bxf6 gxf6 10. e3 Bxc5 11. Be2 a6 12. 0-0 f5 13. a3 Qc7 14. b4 Be7 15. Nd5 exd5 16. cxd5 f4 17. dxc6 dxc6 18. Qe4 fxe3 19. Qxe3 Bf5 20. Qxh6 Qd6 21. Qe3 Qe6 22. Ne5 Rad8 23. f4 Bf6 24. Bc4 Qd6 25. Kh1 Qd4 26. Qg3+ Bg7 27. Qg5 Be4 28. Rae1 Bd5 29. Bxd5 Qxd5 30. Qe7 f6 31. Nf3 Rf7 32. Qe2 Rfd7 33. Nh4 Bf8 34. Qg4+ Rg7 35. Qh3 Qh5 36. Qe6+ Qf7 37. Qe2 c5 38. Nf5 Rh7 39. bxc5 Bxc5 40. Rf3 a5 41. Rh3 Kf8 42. Qg4 Qg8 43. Qf3 Qg6 44. Qc3 Qxf5 45. Rxh7 Rd3 46. Qc4 Qxh7 47. Qxc5+ Kg7 48. Re7+ Kg6 49. f5+ 1-0

[Event "Budapest FS07 IM"]
[Site "Budapest"]
[Date "2019.07.09"]
[Round "4"]
[White "Mester, Gyula"]
[Black "Farkas, Tibor"]
[Result "1-0"]
[WhiteElo "2368"]
[BlackElo "2314"]
[PlyCount "59"]
[EventDate "2019.07.06"]
[EventType "tourn"]
[EventRounds "9"]
[EventCountry "HUN"]
[EventCategory "2"]
[SourceTitle "EXT 2020"]
[Source "ChessBase"]
[SourceDate "2019.10.17"]
[SourceVersion "1"]
[SourceVersionDate "2019.10.17"]
[SourceQuality "1"]

1. c4 g6 2. d4 Nf6 3. f3 d5 4. cxd5 Nxd5 5. e4 Nb6 6. Be3 Bg7 7. Nc3 0-0 8. Qd2 e5 9. d5 c6 10. 0-0-0 cxd5 11. Nxd5 Nxd5 12. exd5 Nd7 13. Ne2 Nb6 14. Nc3 Bd7 15. h4 Rc8 16. Kb1 h5 17. Ne4 Bf5 18. Ka1 Qc7 19. Be2 Rfd8 20. d6 Qc2 21. Bg5 Bxe4 22. Bxd8 Rxd8 23. fxe4 Qxe4 24. g4 hxg4 25. h5 Bf8 26. hxg6 Qxg6 27. Bd3 e4 28. Bxe4 Nc4 29. Bxg6 Nxd2 30. Bh7+ 1-0

[Event "HUN-chT2 Maroczy 1819"]
[Site "Hungary"]
[Date "2019.03.31"]
[Round "10.2"]
[White "Mester, Gyula"]
[Black "Doleschall, Gyorgy"]
[Result "1/2-1/2"]
[WhiteElo "2382"]
[BlackElo "2220"]
[PlyCount "52"]
[EventDate "2018.09.23"]
[EventType "team-tourn"]
[EventRounds "11"]
[EventCountry "HUN"]
[SourceTitle "EXT 2021"]
[Source "ChessBase"]
[SourceDate "2020.10.23"]
[SourceVersion "1"]
[SourceVersionDate "2020.10.23"]
[SourceQuality "1"]
[WhiteTeam "Debrecen Kwizda"]
[BlackTeam "Budapest MTK"]
[WhiteTeamCountry "HUN"]
[BlackTeamCountry "HUN"]

1. d4 Nf6 2. c4 e6 3. Nc3 Bb4 4. e3 0-0 5. Bd3 c5 6. Nge2 cxd4 7. exd4 b6 8. 0-0 d5 9. a3 Be7 10. cxd5 Nxd5 11. Nxd5 exd5 12. Nf4 Ba6 13. Re1 Bxd3 14. Qxd3 Nc6 15. b4 Bf6 16. Bb2 Bg5 17. Nh3 Bf6 18. b5 Na5 19. Bc3 Nc4 20. Qf5 Be7 21. Nf4 Bd6 22. Nxd5 Nxa3 23. Nb4 Qc8 24. Qd3 Nxb5 25. Bd2 Qd7 26. d5 Rfe8 1/2-1/2

[Event "HUN-chT2 Maroczy 1819"]
[Site "Hungary"]
[Date "2018.11.18"]
[Round "4.2"]
[White "To, Nhat Minh"]
[Black "Mester, Gyula"]
[Result "1-0"]
[WhiteElo "2352"]
[BlackElo "2382"]
[PlyCount "45"]
[EventDate "2018.09.23"]
[EventType "team-tourn"]
[EventRounds "11"]
[EventCountry "HUN"]
[SourceTitle "EXT 2020"]
[Source "ChessBase"]
[SourceDate "2019.10.17"]
[SourceVersion "1"]
[SourceVersionDate "2019.10.17"]
[SourceQuality "1"]
[WhiteTeam "Szigetszentmiklos"]
[BlackTeam "Debrecen Kwizda"]
[WhiteTeamCountry "HUN"]
[BlackTeamCountry "HUN"]

1. e4 c5 2. Nf3 Nc6 3. d4 cxd4 4. Nxd4 e6 5. Nc3 a6 6. Nxc6 bxc6 7. Bd3 d5 8. 0-0 Bd6 9. Re1 Ne7 10. e5 Bc5 11. Na4 Ba7 12. c4 Ng6 13. Be3 f5 14. exf6 gxf6 15. Qh5 Kf7 16. cxd5 cxd5 17. Rac1 d4 18. Bf4 e5 19. Bxe5 fxe5 20. Qf3+ Bf5 21. Bxf5 Qf6 22. Bxg6+ Kxg6 23. Rc6 1-0

[Event "HUN-chT2 Maroczy 1819"]
[Site "Hungary"]
[Date "2018.09.23"]
[Round "1.1"]
[White "Hando, Vilmos"]
[Black "Mester, Gyula"]
[Result "0-1"]
[WhiteElo "2385"]
[BlackElo "2382"]
[PlyCount "92"]
[EventDate "2018.09.23"]
[EventType "team-tourn"]
[EventRounds "11"]
[EventCountry "HUN"]
[SourceTitle "EXT 2020"]
[Source "ChessBase"]
[SourceDate "2019.10.17"]
[SourceVersion "1"]
[SourceVersionDate "2019.10.17"]
[SourceQuality "1"]
[WhiteTeam "Lillafured DVTK II"]
[BlackTeam "Debrecen Kwizda"]
[WhiteTeamCountry "HUN"]
[BlackTeamCountry "HUN"]

1. d4 e6 2. c4 b6 3. Nf3 Bb7 4. g3 f5 5. Bg2 Nf6 6. 0-0 g6 7. Nc3 Bg7 8. Bf4 0-0 9. Qc2 Na6 10. Rad1 h6 11. a3 d6 12. b4 Rc8 13. Nb5 g5 14. Bc1 c6 15. Nc3 Qe7 16. h4 g4 17. Ne1 Nh5 18. b5 Nb8 19. a4 c5 20. dxc5 Bxg2 21. Nxg2 Rxc5 22. Nb1 Rfc8 23. Nd2 Nd7 24. Ba3 R5c7 25. e4 f4 26. gxf4 Nc5 27. Bxc5 Rxc5 28. e5 dxe5 29. Qg6 exf4 30. Ne4 Re5 31. c5 f3 32. Nd6 fxg2 33. Nxc8 gxf1Q+ 34. Kxf1 Qxh4 35. Qe8+ Kh7 36. Qc6 Qh3+ 37. Qg2 Rxc5 38. Nxa7 Nf4 39. Qxh3 gxh3 40. Kg1 Rg5+ 41. Kh1 Nd5 42. Re1 Re5 43. Ra1 Re2 44. Ra3 Rxf2 45. Rxh3 Ra2 46. Rh4 Nc3 0-1

[Event "HUN-chT2 Maroczy 1718"]
[Site "Hungary"]
[Date "2017.12.03"]
[Round "3.2"]
[White "Varga, Zoltan"]
[Black "Mester, Gyula"]
[Result "1/2-1/2"]
[WhiteElo "2442"]
[BlackElo "2389"]
[PlyCount "109"]
[EventDate "2017.10.29"]
[EventType "team-tourn"]
[EventRounds "9"]
[EventCountry "HUN"]
[SourceTitle "EXT 2021"]
[Source "ChessBase"]
[SourceDate "2020.10.23"]
[SourceVersion "1"]
[SourceVersionDate "2020.10.23"]
[SourceQuality "1"]
[WhiteTeam "Budapest HASE"]
[BlackTeam "Debrecen Sakkiskola"]
[WhiteTeamCountry "HUN"]
[BlackTeamCountry "HUN"]

1. e4 c5 2. Nf3 Nc6 3. Bb5 e6 4. 0-0 Nge7 5. Re1 a6 6. Bf1 d5 7. exd5 Nxd5 8. d4 cxd4 9. Nxd4 Ndb4 10. Nxc6 Qxd1 11. Rxd1 Nxc6 12. Nd2 e5 13. Nc4 Be6 14. Be3 Be7 15. Nd6+ Bxd6 16. Rxd6 0-0 17. Bb6 Rac8 18. c4 Ne7 19. b3 Nf5 20. Rd2 Rc6 21. Ba5 b6 22. Bb4 Re8 23. Rad1 f6 24. Bd3 Kf7 25. Be4 Rc7 26. g4 Nd4 27. h3 g6 28. f4 f5 29. gxf5 gxf5 30. Bg2 Nc6 31. Bd6 Rcc8 32. fxe5 b5 33. cxb5 axb5 34. Bf3 Rg8+ 35. Kf2 Ne7 36. h4 Ng6 37. Rh1 Rc3 38. Bb4 Rc7 39. Bh5 Rgc8 40. Rhd1 Rc2 41. Rxc2 Rxc2+ 42. Rd2 Rxd2+ 43. Bxd2 Ke7 44. Bxg6 hxg6 45. Ke3 Bd7 46. Kf4 Ke6 47. Bc3 Be8 48. Kg5 Kf7 49. h5 gxh5 50. Kxf5 Bd7+ 51. Kg5 Bg4 52. a4 bxa4 53. bxa4 Ke6 54. a5 Kd7 55. a6 1/2-1/2

[Event "HUN-chT2 Maroczy 1718"]
[Site "Hungary"]
[Date "2017.11.26"]
[Round "2.2"]
[White "Mester, Gyula"]
[Black "Bogdan, Dan"]
[Result "0-1"]
[WhiteElo "2394"]
[BlackElo "2381"]
[PlyCount "110"]
[EventDate "2017.10.29"]
[EventType "team-tourn"]
[EventRounds "9"]
[EventCountry "HUN"]
[SourceTitle "EXT 2021"]
[Source "ChessBase"]
[SourceDate "2020.10.23"]
[SourceVersion "1"]
[SourceVersionDate "2020.10.23"]
[SourceQuality "1"]
[WhiteTeam "Debrecen Sakkiskola"]
[BlackTeam "Kisujszallas"]
[WhiteTeamCountry "HUN"]
[BlackTeamCountry "HUN"]

1. d4 d6 2. e4 g6 3. Nc3 Bg7 4. Bg5 a6 5. f4 b5 6. Nf3 Bb7 7. Bd3 b4 8. Nd5 c5 9. 0-0 Bxd5 10. exd5 Nd7 11. a3 Ngf6 12. axb4 cxb4 13. Bxa6 Nxd5 14. Bb7 Rxa1 15. Qxa1 N5f6 16. Bxf6 Bxf6 17. Qa4 0-0 18. Qxb4 Qc7 19. Be4 Rb8 20. Qa3 Nb6 21. Qe3 Na4 22. b3 Nc3 23. Bd3 e6 24. Bc4 Qa5 25. Qd2 Ra8 26. Kh1 Kg7 27. g4 d5 28. Bd3 Qb4 29. f5 exf5 30. gxf5 Na2 31. Qf4 Qe7 32. Re1 Qd8 33. fxg6 hxg6 34. Qd2 Qb8 35. Ra1 Be7 36. Ne5 Bd6 37. Nxf7 Kxf7 38. Rf1+ Ke7 39. Bxg6 Kd7 40. Bf5+ Kc7 41. Be6 Nb4 42. Qg2 Qh8 43. h3 Qxd4 44. Rf7+ Kb6 45. Qf2 Qxf2 46. Rxf2 d4 47. Kg2 Re8 48. Bf5 Nd5 49. Rf3 Kc5 50. Bd3 Kb4 51. Kf2 Bf4 52. Bg6 Be3+ 53. Ke2 Rg8 54. Bf7 Rg2+ 55. Kd3 Nc3 0-1

[Event "HUN-chT2 Barcza 1415"]
[Site "Hungary"]
[Date "2015.03.22"]
[Round "?"]
[White "Mester, Gyula"]
[Black "Hajbok, Robert"]
[Result "1/2-1/2"]
[WhiteElo "2385"]
[BlackElo "2337"]
[PlyCount "62"]
[EventDate "2014.09.07"]
[EventType "team-tourn"]
[EventRounds "11"]
[EventCountry "HUN"]
[SourceTitle "EXT 2016"]
[Source "ChessBase"]
[SourceDate "2015.10.08"]
[SourceVersion "1"]
[SourceVersionDate "2015.10.08"]
[SourceQuality "1"]
[WhiteTeam "Debrecen Sakkiskola"]
[BlackTeam "Nyiregyhaza"]
[WhiteTeamCountry "HUN"]
[BlackTeamCountry "HUN"]

1. d4 Nf6 2. c4 e6 3. Nc3 Bb4 4. e3 0-0 5. Bd3 c5 6. a3 Bxc3+ 7. bxc3 d6 8. Ne2 e5 9. 0-0 Nc6 10. Ng3 h6 11. d5 Ne7 12. Ra2 Nh7 13. e4 Re8 14. f4 exf4 15. Bxf4 Ng6 16. Raf2 Nxf4 17. Rxf4 f6 18. e5 Rxe5 19. Bf5 Kh8 20. Bxh7 Kxh7 21. Qd3+ Kh8 22. Qg6 f5 23. Nh5 Qe7 24. g4 Bd7 25. gxf5 Be8 26. Qg4 Bxh5 27. Qxh5 Rf8 28. R1f3 Rf6 29. Rg3 Qf8 30. Rgf3 Qe7 31. Rg3 Qf8 1/2-1/2

[Event "HUN-chT2 Barcza 1415"]
[Site "Hungary"]
[Date "2015.03.01"]
[Round "?"]
[White "Hando, Vilmos"]
[Black "Mester, Gyula"]
[Result "1-0"]
[WhiteElo "2339"]
[BlackElo "2385"]
[PlyCount "75"]
[EventDate "2014.09.07"]
[EventType "team-tourn"]
[EventRounds "11"]
[EventCountry "HUN"]
[SourceTitle "EXT 2016"]
[Source "ChessBase"]
[SourceDate "2015.10.08"]
[SourceVersion "1"]
[SourceVersionDate "2015.10.08"]
[SourceQuality "1"]
[WhiteTeam "Kazincbarcika"]
[BlackTeam "Debrecen Sakkiskola"]
[WhiteTeamCountry "HUN"]
[BlackTeamCountry "HUN"]

1. c4 c6 2. d4 d5 3. Nc3 Nf6 4. Nf3 g6 5. e3 Bg7 6. Be2 0-0 7. 0-0 dxc4 8. Bxc4 Nbd7 9. a4 Qc7 10. b3 Nb6 11. Be2 Nbd5 12. Bd2 Nxc3 13. Bxc3 Ne4 14. Bb2 Bf5 15. Bd3 Nd6 16. Bxf5 gxf5 17. Qc2 e6 18. Ne1 Rac8 19. Nd3 Qe7 20. Kh1 Rfd8 21. Rg1 c5 22. dxc5 Ne4 23. Rad1 Rxd3 24. Rxd3 Qxc5 25. Qe2 Qc2 26. Rd8+ Bf8 27. Qxc2 Rxc2 28. Rb1 Nd2 29. Rd1 Rxb2 30. R1xd2 Rxb3 31. g3 a5 32. Rb8 Kg7 33. Rd7 b6 34. Rbb7 Bc5 35. Rxf7+ Kg6 36. Rg7+ Kf6 37. f4 e5 38. Rgc7 1-0

[Event "HUN-chT2 Barcza 1415"]
[Site "Hungary"]
[Date "2014.12.14"]
[Round "?"]
[White "Mester, Gyula"]
[Black "Ujhelyi, Andras"]
[Result "1-0"]
[WhiteElo "2385"]
[BlackElo "2064"]
[PlyCount "87"]
[EventDate "2014.09.07"]
[EventType "team-tourn"]
[EventRounds "11"]
[EventCountry "HUN"]
[SourceTitle "EXT 2016"]
[Source "ChessBase"]
[SourceDate "2015.10.08"]
[SourceVersion "1"]
[SourceVersionDate "2015.10.08"]
[SourceQuality "1"]
[WhiteTeam "Debrecen Sakkiskola"]
[BlackTeam "Piremon"]
[WhiteTeamCountry "HUN"]
[BlackTeamCountry "HUN"]

1. e4 c5 2. Nf3 d6 3. c3 Nf6 4. Be2 g6 5. 0-0 Bg7 6. Re1 0-0 7. Bf1 Bg4 8. h3 Bxf3 9. Qxf3 Nc6 10. d3 h6 11. Nd2 b5 12. Nb3 a5 13. a4 bxa4 14. Rxa4 Rb8 15. Qd1 Nd7 16. d4 Qb6 17. d5 Qxb3 18. dxc6 Qxd1 19. Rxd1 Ne5 20. c7 Rb7 21. c8Q Rxc8 22. Ba6 Rcb8 23. Bxb7 Rxb7 24. Rxa5 Nc4 25. Ra2 Rb3 26. Kf1 h5 27. Ke2 Bf6 28. Kd3 Ne5+ 29. Kc2 Rb8 30. f4 Nc6 31. Ra6 Rc8 32. Bd2 Kg7 33. Rda1 e6 34. Ra8 Rc7 35. R1a6 d5 36. e5 Be7 37. Re8 c4 38. Rxc6 Rxc6 39. Rxe7 Rc8 40. Ra7 Rb8 41. Be1 Rc8 42. Bh4 Kf8 43. Be7+ Kg7 44. Rd7 1-0

[Event "HUN-chT2 Barcza 1415"]
[Site "Hungary"]
[Date "2014.10.12"]
[Round "?"]
[White "Eberth, Zoltan"]
[Black "Mester, Gyula"]
[Result "0-1"]
[WhiteElo "2128"]
[BlackElo "2385"]
[PlyCount "76"]
[EventDate "2014.09.07"]
[EventType "team-tourn"]
[EventRounds "11"]
[EventCountry "HUN"]
[SourceTitle "EXT 2016"]
[Source "ChessBase"]
[SourceDate "2015.10.08"]
[SourceVersion "1"]
[SourceVersionDate "2015.10.08"]
[SourceQuality "1"]
[WhiteTeam "Mezokovesd"]
[BlackTeam "Debrecen Sakkiskola"]
[WhiteTeamCountry "HUN"]
[BlackTeamCountry "HUN"]

1. e4 c5 2. d4 cxd4 3. Nf3 e6 4. Nxd4 a6 5. Bd3 g6 6. c4 Bg7 7. Nc2 Ne7 8. Nc3 0-0 9. 0-0 d5 10. exd5 exd5 11. Bg5 f6 12. Be3 Be6 13. Nd4 Bf7 14. c5 f5 15. Nce2 Nec6 16. g3 Ne5 17. Kg2 Nbd7 18. Rc1 Nc4 19. b4 Nde5 20. Nf4 Re8 21. Be2 Nxe3+ 22. fxe3 Nc4 23. Nc2 Nxe3+ 24. Nxe3 Rxe3 25. Bf3 g5 26. Nd3 Qe7 27. Kh1 Rd8 28. a4 Bg6 29. Nf2 f4 30. b5 fxg3 31. hxg3 axb5 32. axb5 Bb2 33. Bxd5+ Kg7 34. Qd2 Bxc1 35. Rxc1 Qe5 36. Ng4 Be4+ 37. Bxe4 Qxe4+ 38. Qg2 Qxg4 0-1